Új lakossági hitelkártya-konstrukció marketingstratégiájának bemutatása

Bibliográfiai részletek
Szerző: Turnai Dániel
További közreműködők: Hamburger Béla
Dokumentumtípus: Diplomadolgozat
Kulcsszavak:Hitelkártya
Marketingstartégia
Termék bevezetés
Piaci környezet
Stratégia alkotás
Online Access:http://dolgozattar.uni-bge.hu/14993

MARC

LEADER 00000nta a2200000 i 4500
001 dolg14993
005 20180830104855.0
008 180425suuuu hu om 000 hun d
040 |a BGE Dolgozattár Repozitórium  |b hun 
041 |a hu 
100 1 |a Turnai Dániel 
245 1 0 |a Új lakossági hitelkártya-konstrukció marketingstratégiájának bemutatása  |c Turnai Dániel  |h [elektronikus dokumentum] 
246 1 1 |a Új lakossági hitelkártya-konstrukció marketingstratégiájának bemutatása 
695 |a Hitelkártya 
695 |a Marketingstartégia 
695 |a Termék bevezetés 
695 |a Piaci környezet 
695 |a Stratégia alkotás 
700 1 |a Hamburger Béla  |e ths 
856 4 0 |u http://dolgozattar.uni-bge.hu/14993/1/SZAKDOLG_Turnai%20Daniel_U%20j%20hitelk%C3%A1rtya-konstrukci%C3%B3%20marketinstart%C3%A9gi%C3%A1j%C3%A1nak%20bemutat%C3%A1sa_.pdf  |z Dokumentum-elérés